000 00288nam a22001217a 4500
008 180607b xxu||||| |||| 00| 0 eng d
041 _aeng
080 _a043.3
100 _a0
101 _aSHKI-BTH
245 _aSistemi operativ dhe problemet e konkurencës
_cMripa,A
942 _2udc
_cBK
999 _c46588
_d46588